Theory construction : (Record no. 9257)

MARC details
000 -LEADER
fixed length control field 00584nam a2200205 4500
005 - DATE AND TIME OF LATEST TRANSACTION
control field 20150602091052.0
007 - PHYSICAL DESCRIPTION FIXED FIELD--GENERAL INFORMATION
fixed length control field 000
008 - FIXED-LENGTH DATA ELEMENTS--GENERAL INFORMATION
fixed length control field 000
020 ## - INTERNATIONAL STANDARD BOOK NUMBER
International Standard Book Number 0139133437
040 ## - CATALOGING SOURCE
Original cataloging agency UOEL
050 ## - LIBRARY OF CONGRESS CALL NUMBER
Classification number QA41
Item number .B52 1969
100 ## - MAIN ENTRY--PERSONAL NAME
Personal name Blalock, Hubert M.
245 ## - TITLE STATEMENT
Title Theory construction :
Remainder of title from verbal to mathematical formulations /
Statement of responsibility, etc Hubert M. Blalock
260 ## - PUBLICATION, DISTRIBUTION, ETC. (IMPRINT)
Place of publication, distribution, etc New Jersey ;
Name of publisher, distributor, etc Prentice - Hall, Inc ,
Date of publication, distribution, etc c1969.
300 ## - PHYSICAL DESCRIPTION
Extent xi, 180 p. :
440 ## - SERIES STATEMENT/ADDED ENTRY--TITLE
Title Prentice - Hall social science series
500 ## - GENERAL NOTE
General note Includes index
650 ## - SUBJECT ADDED ENTRY--TOPICAL TERM
Topical term or geographic name as entry element Mathematical formulations
General subdivision Mathematics
942 ## - ADDED ENTRY ELEMENTS (KOHA)
Source of classification or shelving scheme Library of Congress Classification
Item type Loan - Normal on open shelf
Holdings
Withdrawn status Lost status Source of classification or shelving scheme Damaged status Not for loan Home library Current library Shelving location Date acquired Total Checkouts Full call number Barcode Date last seen Copy number Price effective from Koha item type
    Library of Congress Classification     UOE Main Library UOE Main Library Open shelf 02/06/2015   QA41 .B52 1969 10044143 27/04/2026 10044143 02/06/2015 Loan - Normal on open shelf